| 000 | 00440nam a22001697a 4500 | ||
|---|---|---|---|
| 003 | SGT | ||
| 020 | _a9788120349087 | ||
| 082 | _a657,BAN | ||
| 100 | _a BHABATOSH BANERJEE | ||
| 245 | _aCOST ACCOUNTING ( THEORY AND PRACTICE ) | ||
| 250 | _a13TH | ||
| 260 |
_aNEW DELHI _bPHI _c2014 |
||
| 300 | _a1044 | ||
| 650 | _aACCOUNTING | ||
| 653 | _aBASIC CONCEPTS AND COST CLASSIFICATION,MATERIAL COST MANAGEMENT,OVERHEADS | ||
| 942 |
_2ddc _cFCM |
||
| 999 |
_c9402 _d9402 |
||